[Event "ICS rated blitz match"]
[Site "204.178.125.65"]
[Date "1999.11.22"]
[Round "?"]
[White "Hossa"]
[Black "MissSilicon"]
[Result "0-1"]
[WhiteElo "2315"]
[BlackElo "2639"]
[PlyCount "122"]
[EventDate "1999.??.??"]

1. e4 e6 2. d4 d5 3. Nc3 Bb4 4. e5 b6 5. a3 Bxc3+ 6. bxc3 Ne7 7. Qg4 O-O 8. Bg5
Nd7 9. Bd3 f6 10. Qxe6+ Rf7 11. Bxh7+ Kf8 12. Qg4 Nb8 13. Qh5 fxg5 14. Nf3 g6
15. Qh6+ Rg7 16. g4 Bxg4 17. Nxg5 Qd7 18. Qh4 Bf5 19. Qh6 Qc6 20. Kd2 Qa4 21.
Ra2 c5 22. Kc1 cxd4 23. cxd4 Qxd4 24. Rd1 Qxf2 25. e6 Bg4 26. Nh3 Qf5 27. Rd4
Qf1+ 28. Kb2 Qf6 29. c3 Nf5 30. Qg5 Qxg5 31. Nxg5 Nxd4 32. cxd4 Ke7 33. Kc3
Bxe6 34. Re2 Kf6 35. Nxe6 Rxh7 36. Nf4 Rd7 37. Re5 Nc6 38. Rxd5 Rxd5 39. Nxd5+
Kf5 40. Nc7 Rd8 41. d5 Rd7 42. d6 Rxd6 43. Kc4 Ne5+ 44. Kb4 Rd4+ 45. Kb5 Rd7
46. Na6 Rd3 47. Kb4 Nc6+ 48. Ka4 Nd4 49. Kb4 Rb3+ 50. Kc4 Rxa3 51. Nb8 Ke4 52.
Nd7 Rf3 53. Kb4 a5+ 54. Ka4 Rf2 55. Ka3 b5 56. Nc5+ Ke3 57. Na6 Kd3 58. Nb4+
Kc4 59. Nc2 Rxc2 60. h4 b4+ 61. Ka4 61... Ra2# {Hossa checkmated} 0-1

[Event "ICS rated blitz match"]
[Site "204.178.125.65"]
[Date "1999.11.22"]
[Round "?"]
[White "Hossa"]
[Black "robbok1"]
[Result "1/2-1/2"]
[WhiteElo "2311"]
[BlackElo "2411"]
[PlyCount "103"]
[EventDate "1999.??.??"]

1. e4 c5 2. Nf3 Nc6 3. d4 cxd4 4. Nxd4 e5 5. Nb5 d6 6. c4 Be7 7. N1c3 a6 8. Na3
Be6 9. Nc2 Rc8 10. Nd5 Bg5 11. Bxg5 Qxg5 12. Nce3 Nge7 13. Qb3 b5 14. Qa3 O-O
15. Qxd6 Rfd8 16. Qa3 Qh4 17. cxb5 Bxd5 18. exd5 Nb4 19. g3 Qe4 20. Bg2 Qxg2
21. Nxg2 Nc2+ 22. Ke2 Nxa3 23. bxa3 axb5 24. Rac1 Nxd5 25. Rhd1 Rxc1 26. Rxc1
f6 27. Rc5 Rd7 28. f3 Nc7 29. Ke3 g5 30. h4 h6 31. h5 Kf8 32. Ne1 Ke7 33. g4
Kd8 34. Nc2 Rd6 35. Ke4 Kd7 36. Kf5 Rb6 37. Kg6 Kd6 38. Rc3 Nd5 39. Rb3 Rb7 40.
Kxh6 Ke6 41. Nb4 Ne7 42. Na6 Kf7 43. Rc3 Rb6 44. Nb4 Rb8 45. Kh7 Rg8 46. h6
Rh8+ 47. Kxh8 Ng6+ 48. Kh7 Nf8+ 49. Kh8 Ng6+ 50. Kh7 Nf8+ 51. Kh8 Ng6+ 52. Kh7
{Game drawn by repetition} 1/2-1/2

[Event "ICS rated blitz match"]
[Site "204.178.125.65"]
[Date "1999.11.23"]
[Round "?"]
[White "robbok1"]
[Black "Hossa"]
[Result "0-1"]
[WhiteElo "2407"]
[BlackElo "2315"]
[PlyCount "96"]
[EventDate "1999.??.??"]

1. e4 e6 2. d4 d5 3. e5 c5 4. c3 Nc6 5. Nf3 Nge7 6. Bd3 Ng6 7. O-O a6 8. Be3
Be7 9. a3 O-O 10. b4 cxd4 11. cxd4 f6 12. Bxg6 hxg6 13. Nc3 fxe5 14. dxe5 g5
15. h3 Rf5 16. g4 Rf7 17. Kg2 b6 18. Na4 Rb8 19. Rc1 Bd7 20. Nb2 a5 21. b5 Na7
22. a4 Rb7 23. Qc2 Be8 24. Nd4 Qb8 25. Nf3 Rxf3 26. Kxf3 Qxe5 27. Ke2 Qf6 28.
Nd3 e5 29. f3 Bg6 30. Qb3 Bf7 31. Qb2 d4 32. Bf2 Bd6 33. Bg3 Qe7 34. Rce1 e4
35. Bxd6 exd3+ 36. Kxd3 Qxd6 37. Qxd4 Qa3+ 38. Kd2 Qa2+ 39. Kd3 Bg6+ 40. Re4
Rf7 41. Ke3 Qa3+ 42. Kd2 Bxe4 43. Qxe4 Rd7+ 44. Kc2 Qa2+ 45. Kc1 Rc7+ 46. Kd1
Qa1+ 47. Ke2 Qb2+ 48. Ke3 48... Rc3+ {robbok1 resigns} 0-1

[Event "ICS rated blitz match"]
[Site "204.178.125.65"]
[Date "1999.11.23"]
[Round "?"]
[White "Hossa"]
[Black "EXchess"]
[Result "0-1"]
[WhiteElo "2335"]
[BlackElo "2479"]
[PlyCount "126"]
[EventDate "1999.??.??"]

1. e4 e5 2. Nf3 Nc6 3. Bb5 a6 4. Ba4 Nf6 5. O-O Be7 6. Re1 b5 7. Bb3 O-O 8. c3
d5 9. exd5 Nxd5 10. Nxe5 Nxe5 11. Rxe5 c6 12. d4 Bd6 13. Re4 Qc7 14. g3 Bf5 15.
Rh4 Rae8 16. Bxd5 cxd5 17. Bf4 Bxf4 18. Rxf4 Qd7 19. g4 Be4 20. f3 Qd6 21. Qd2
Bd3 22. Na3 Qh6 23. Qxd3 Qxf4 24. Nc2 f5 25. gxf5 Qxf5 26. Nb4 Qxd3 27. Nxd3
Rxf3 28. Ne5 Rf4 29. Rf1 Re4 30. a3 a5 31. Rf2 h5 32. Nc6 Ra8 33. Rf5 Re6 34.
Ne5 g6 35. Rg5 Kg7 36. Nd3 Rd8 37. Nf4 Red6 38. Kg2 Kf7 39. Kg3 a4 40. Kh4 R8d7
41. h3 Rd8 42. Re5 Kf6 43. Rg5 R8d7 44. Rxg6+ Kf5 45. Rxd6 Rxd6 46. Nd3 Rg6 47.
Nb4 Ke4 48. Kxh5 Rg2 49. Na6 Rxb2 50. Nc7 Rb3 51. h4 Rxa3 52. Nxb5 Rb3 53. c4
dxc4 54. Nd6+ Kd5 55. Ne8 a3 56. Kg5 a2 57. h5 a1=Q 58. Nc7+ Kxd4 59. Ne6+ Ke5
60. Nc5 Rg3+ 61. Kh4 Rg2 62. Nd7+ Kf5 63. h6 63... Qh1# {Hossa checkmated} 0-1

[Event "ICS rated blitz match"]
[Site "204.178.125.65"]
[Date "1999.11.23"]
[Round "?"]
[White "PostModernist"]
[Black "Hossa"]
[Result "1-0"]
[WhiteElo "2520"]
[BlackElo "2325"]
[PlyCount "111"]
[EventDate "1999.??.??"]

1. c4 Nf6 2. Nf3 e6 3. Nc3 d5 4. d4 Be7 5. Bg5 O-O 6. e3 Nbd7 7. Rc1 Nb6 8. c5
Nbd7 9. Bd3 c6 10. O-O b6 11. Ne5 Bb7 12. Nxd7 Qxd7 13. b4 h6 14. Bf4 bxc5 15.
bxc5 a6 16. Rb1 Ra7 17. Rb3 Rfa8 18. Qf3 h5 19. Na4 Rd8 20. Nb6 Qe8 21. Bc7 Qf8
22. Bxd8 Bxd8 23. Qg3 Be7 24. Rfb1 h4 25. Qxh4 Ne4 26. Qh3 Ba8 27. Nc8 Rc7 28.
Nxe7+ Rxe7 29. f3 Nf6 30. g4 g6 31. Rb8 Re8 32. Rxe8 Qxe8 33. Qh4 Nd7 34. Bxa6
e5 35. Kg2 e4 36. Rf1 Nb8 37. Be2 Bb7 38. f4 Nd7 39. f5 Kg7 40. fxg6 fxg6 41.
g5 Kg8 42. Qh6 Bc8 43. h4 Nb8 44. Bh5 gxh5 45. Rf6 Qf7 46. Rxf7 Kxf7 47. g6+
Ke7 48. Qg5+ Kd7 49. Qe5 Kd8 50. Qd6+ Ke8 51. g7 Bh3+ 52. Kxh3 Kf7 53. Qf8+ Ke6
54. g8=Q+ Kd7 55. Qxb8 Ke7 56. Qd6# {Hossa checkmated} 1-0

[Event "ICS rated blitz match"]
[Site "204.178.125.65"]
[Date "1999.11.23"]
[Round "?"]
[White "Hossa"]
[Black "Colorado"]
[Result "1-0"]
[WhiteElo "2317"]
[BlackElo "2608"]
[PlyCount "135"]
[EventDate "1999.??.??"]

1. e4 e5 2. Nf3 Nc6 3. Bb5 a6 4. Ba4 Nf6 5. O-O Be7 6. Re1 b5 7. Bb3 d6 8. c3
O-O 9. h3 Na5 10. Bc2 c5 11. d4 Qc7 12. Nbd2 cxd4 13. cxd4 Nc6 14. d5 Nb4 15.
Bb1 a5 16. Nf1 Bd7 17. a3 Na6 18. Be3 Nc5 19. Ng3 Rfc8 20. Ng5 h6 21. Nf3 Bf8
22. Nd2 Na4 23. Ra2 Nh7 24. f4 exf4 25. Bxf4 g5 26. Be3 Bg7 27. Qb3 Nf6 28. Rf1
Nc5 29. Qd1 Re8 30. Qf3 Bc8 31. Qf2 a4 32. Bd4 Nh7 33. Bxg7 Kxg7 34. e5 Rxe5
35. Nh5+ Kg8 36. Bxh7+ Kxh7 37. Qf6 Ne6 38. dxe6 fxe6 39. Qf8 Rf5 40. Rxf5 exf5
41. Nf6+ Kg6 42. Ng8 Kh7 43. Ra1 Bb7 44. Qe7+ Qxe7 45. Nxe7 Re8 46. Re1 g4 47.
hxg4 fxg4 48. Ne4 Bxe4 49. Rxe4 g3 50. Re3 h5 51. Kh1 h4 52. Re4 Rf8 53. Rxh4+
Kg7 54. Rg4+ Kf6 55. Ng8+ Ke5 56. Rxg3 d5 57. Rg5+ Ke6 58. Kg1 d4 59. Nh6 d3
60. Rg3 Rd8 61. Re3+ Kf6 62. Ng4+ Kf5 63. Nf2 d2 64. Nd1 Rd7 65. Kf2 Rd4 66.
Ke2 Rg4 67. g3 Rd4 68. Nf2 {Colorado resigns} 1-0

[Event "ICS rated blitz match"]
[Site "204.178.125.65"]
[Date "1999.11.23"]
[Round "?"]
[White "Colorado"]
[Black "Hossa"]
[Result "1-0"]
[WhiteElo "2581"]
[BlackElo "2344"]
[PlyCount "55"]
[EventDate "1999.??.??"]

1. e4 e6 2. d4 d5 3. Nc3 Bb4 4. e5 b6 5. Qg4 g6 6. Bg5 f6 7. exf6 Nxf6 8. Qf3
O-O 9. h4 c5 10. dxc5 bxc5 11. h5 gxh5 12. a3 Ba5 13. Bh6 Rf7 14. Qg3+ Kh8 15.
O-O-O Ng4 16. Bf4 Bxc3 17. bxc3 Qa5 18. Bxb8 Qxa3+ 19. Kd2 Rxf2+ 20. Be2 Rf7
21. Bxg4 hxg4 22. Qe5+ Rg7 23. Rf1 Kg8 24. Qf6 Qxc3+ 25. Kxc3 d4+ 26. Kd2 h5
27. Be5 Rh7 28. Qf8# {Hossa checkmated} 1-0

[Event "ICS rated blitz match"]
[Site "204.178.125.65"]
[Date "1999.11.23"]
[Round "?"]
[White "JenMan"]
[Black "Hossa"]
[Result "0-1"]
[WhiteElo "2059"]
[BlackElo "2337"]
[PlyCount "52"]
[EventDate "1999.??.??"]

1. d4 Nf6 2. Bg5 e6 3. Nd2 d5 4. c3 Be7 5. e3 c5 6. Bd3 O-O 7. f4 b6 8. Ngf3 h6
9. Bh4 cxd4 10. exd4 Ba6 11. Bxa6 Nxa6 12. Qe2 Nb8 13. Ne5 Re8 14. O-O-O Nbd7
15. Kb1 Rc8 16. g4 Qc7 17. Bg3 Qb7 18. h4 b5 19. g5 b4 20. gxf6 bxc3 21. Nb3
c2+ 22. Ka1 cxd1=Q+ 23. Rxd1 Nxf6 24. h5 Ne4 25. Be1 Qb6 26. Rd3 26... Qb5 {
JenMan resigns} 0-1

[Event "ICS rated blitz match"]
[Site "204.178.125.65"]
[Date "1999.11.23"]
[Round "?"]
[White "Hossa"]
[Black "SharpShooter"]
[Result "1/2-1/2"]
[WhiteElo "2342"]
[BlackElo "2646"]
[PlyCount "83"]
[EventDate "1999.??.??"]

1. Nf3 d5 2. c4 c6 3. cxd5 cxd5 4. d4 Nc6 5. Nc3 Nf6 6. Ne5 e6 7. Bg5 Qb6 8.
Nxc6 Qxb2 9. Na4 Qb5 10. Ne5 Ne4 11. Bd2 Qb4 12. Nf3 Nxd2 13. Nxd2 Bd7 14. Nc5
Bxc5 15. dxc5 Qxc5 16. Qb3 Bc6 17. e3 d4 18. Qc4 Qg5 19. Qxd4 O-O 20. e4 Rfd8
21. Qe3 Qf6 22. e5 Qh4 23. Rd1 Rd4 24. Rc1 Rad8 25. Nf3 Bxf3 26. gxf3 Ra4 27.
a3 Qe7 28. Rc3 Rad4 29. Be2 f6 30. f4 f5 31. Qc1 g5 32. fxg5 f4 33. Rc8 Qxg5
34. Qc7 f3 35. Bxf3 Rd1+ 36. Bxd1 Qd2+ 37. Kf1 Qxd1+ 38. Kg2 Qg4+ 39. Kf1 Qd1+
40. Kg2 Qg4+ 41. Kf1 Qd1+ 42. Kg2 {Game drawn by repetition} 1/2-1/2

[Event "ICS rated standard match"]
[Site "204.178.125.65"]
[Date "1999.11.23"]
[Round "?"]
[White "Moron"]
[Black "Hossa"]
[Result "1/2-1/2"]
[WhiteElo "2613"]
[BlackElo "2294"]
[PlyCount "102"]
[EventDate "1999.??.??"]

1. d4 Nf6 2. c4 c5 3. d5 b5 4. cxb5 a6 5. Nc3 axb5 6. e4 b4 7. Nb5 d6 8. Bf4 g5
9. Bxg5 Nxe4 10. Bf4 Qa5 11. Bc4 Bg7 12. Qe2 b3+ 13. Kf1 f5 14. f3 O-O 15. fxe4
fxe4 16. g3 Qxa2 17. Rxa2 bxa2 18. Bxa2 Rxa2 19. Qc4 Rxb2 20. Nc7 Bd4 21. h3
Nd7 22. Ne2 Ne5 23. Qa4 Nd3 24. Nxd4 cxd4 25. Qd1 Nxf4 26. gxf4 Rxf4+ 27. Ke1
d3 28. Qh5 Rg2 29. Qe8+ Rf8 30. Qxe7 e3 31. Qxe3 Re2+ 32. Qxe2 dxe2 33. Rg1+
Kh8 34. Kxe2 Bxh3 35. Nb5 Rf6 36. Ke3 h5 37. Rg5 Bg4 38. Nc3 Bf3 39. Ne4 Bxe4
40. Kxe4 Rh6 41. Rg2 h4 42. Kf5 h3 43. Rh2 Kg7 44. Kg5 Kh7 45. Kf5 Kg8 46. Kg4
Kf7 47. Kg5 Kg7 48. Kf5 Kf8 49. Kg5 Kg7 50. Kf5 Kf8 51. Kg5 51... Kg7 {
Game drawn by repetition} 1/2-1/2

[Event "ICS rated blitz match"]
[Site "204.178.125.65"]
[Date "1999.11.23"]
[Round "?"]
[White "Hossa"]
[Black "PostModernist"]
[Result "0-1"]
[WhiteElo "2353"]
[BlackElo "2512"]
[PlyCount "158"]
[EventDate "1999.??.??"]

1. e4 c6 2. d4 d5 3. Nc3 dxe4 4. Nxe4 Bf5 5. Ng3 Bg6 6. Nf3 Nd7 7. h4 h6 8. Be2
Qa5+ 9. Bd2 Qb6 10. b3 e6 11. h5 Bh7 12. O-O Bd6 13. c4 Qc7 14. Qe1 Ngf6 15.
Nh2 Ne4 16. f4 Nxd2 17. Qxd2 O-O-O 18. Rae1 e5 19. fxe5 Nxe5 20. Nf5 Bxf5 21.
Rxf5 g6 22. Rff1 Bc5 23. Kh1 Rxd4 24. Qc3 Rhd8 25. b4 Be7 26. b5 Kb8 27. bxc6
Nxc6 28. Rxf7 gxh5 29. Qe3 Rg8 30. Nf3 Qg3 31. Bf1 Rh4+ 32. Kg1 Bd6 33. Rd7 Bc7
34. Rxc7 Kxc7 35. Nxh4 Qxh4 36. Qf2 Qxf2+ 37. Kxf2 Rf8+ 38. Kg1 Rf6 39. Re8 Kd6
40. Be2 Kc5 41. Bxh5 Kxc4 42. Be2+ Kb4 43. Bg4 b5 44. Kh2 a5 45. Re4+ Kc5 46.
Kg1 Nd4 47. Re5+ Kd6 48. Rh5 a4 49. a3 Kc6 50. Bd1 Rd6 51. Kf2 Kb6 52. g4 Nb3
53. Be2 Nc5 54. Kf3 Rf6+ 55. Rf5 Rxf5+ 56. gxf5 Nd7 57. Kf4 Kc5 58. Bf3 b4 59.
axb4+ Kxb4 60. Be4 Kc3 61. f6 Nxf6 62. Bg6 Nd5+ 63. Kf3 a3 64. Ke4 a2 65. Kxd5
a1=Q 66. Ke6 Qe1+ 67. Kf6 Qh4+ 68. Ke6 Qc4+ 69. Ke7 h5 70. Kf8 h4 71. Kg7 Qd4+
72. Kg8 h3 73. Kh7 h2 74. Bf5 h1=Q+ 75. Kg6 Qd6+ 76. Kf7 Qh5+ 77. Kg7 Qe7+ 78.
Kg8 Qd8+ 79. Kg7 79... Qdh8# {Hossa checkmated} 0-1

[Event "ICS rated standard match"]
[Site "204.178.125.65"]
[Date "1999.11.23"]
[Round "?"]
[White "Hossa"]
[Black "PostModernist"]
[Result "0-1"]
[WhiteElo "2306"]
[BlackElo "2392"]
[PlyCount "135"]
[EventDate "1999.??.??"]

1. d4 Nf6 2. c4 e6 3. Nf3 b6 4. g3 Ba6 5. b3 d5 6. Bg2 c6 7. O-O Nbd7 8. cxd5
cxd5 9. a4 Bb4 10. Bd2 Qe7 11. Bxb4 Qxb4 12. Nbd2 O-O 13. Re1 Rfc8 14. e3 Bd3
15. Rc1 a5 16. Ng5 Qf8 17. Ngf3 Rab8 18. Rxc8 Rxc8 19. Qa1 Rc2 20. Rd1 Be2 21.
Rc1 Qc8 22. Rxc2 Qxc2 23. Qb1 Qc3 24. Bf1 Bxf1 25. Qxf1 h6 26. Qe1 g5 27. Qd1
g4 28. Ne1 h5 29. Nb1 Qa1 30. Qc2 e5 31. dxe5 Nxe5 32. Qc8+ Kg7 33. Qc2 Ne4 34.
Kg2 Kh6 35. Kg1 h4 36. gxh4 Nf3+ 37. Kf1 Qxb1 38. Qxb1 Nfd2+ 39. Kg2 Nxb1 40.
Nd3 Nbd2 41. b4 Nf3 42. bxa5 Nxh4+ 43. Kf1 bxa5 44. Ne5 f5 45. Nc6 Nf3 46. Nxa5
Nxh2+ 47. Kg2 Nf3 48. Nb3 Nc3 49. Nc5 d4 50. exd4 Nxd4 51. a5 Ncb5 52. a6 Kg5
53. Kf1 Kf6 54. Nd7+ Ke6 55. Nc5+ Kd6 56. Nd3 Kc6 57. Ne5+ Kb6 58. Ke1 Kxa6 59.
Kd2 Kb6 60. Ke3 Ne6 61. Kd3 Kc5 62. Nd7+ Kd6 63. Nb6 Nf4+ 64. Kd2 Kc5 65. Nd7+
Kd4 66. Ke1 Nd3+ 67. Kf1 Nc3 68. f3 {Hossa resigns} 0-1

[Event "ICS Rated standard match"]
[Site "204.178.125.65"]
[Date "1999.11.23"]
[Round "?"]
[White "PostModernist"]
[Black "Hossa"]
[Result "0-1"]
[WhiteElo "2404"]
[BlackElo "2294"]
[PlyCount "166"]
[EventDate "1999.??.??"]

1. Nf3 d5 2. g3 Nf6 3. Bg2 e6 4. O-O Be7 5. c4 d4 6. b4 O-O 7. Bb2 e5 8. a3
Nbd7 9. e3 c5 10. exd4 cxd4 11. c5 Nd5 12. Re1 Bf6 13. d3 a5 14. Nxd4 exd4 15.
Bxd5 Nxc5 16. Bxf7+ Rxf7 17. bxc5 Bf5 18. Qb3 a4 19. Qc2 Rc8 20. Qxa4 Bxd3 21.
Nd2 Qd5 22. Re8+ Rxe8 23. Qxe8+ Rf8 24. Qa4 Bf5 25. Qb3 Be6 26. Qxd5 Bxd5 27.
Rd1 Re8 28. h3 Re7 29. Ba1 Kf8 30. Nf1 Bf3 31. Rb1 Bc6 32. Nd2 Kf7 33. h4 h5
34. Kf1 d3 35. Nc4 Bxa1 36. Rxa1 Bf3 37. Ra2 Ke6 38. Rd2 Be2+ 39. Kg2 Kd5 40.
Nb2 Ke4 41. Na4 Bf3+ 42. Kh2 Re5 43. Nb2 Be2 44. Na4 Kf3 45. Kg1 Rd5 46. Nb2
Rd4 47. a4 Ke4 48. a5 Kd5 49. f4 Kxc5 50. Kf2 Kb4 51. Ke1 Kc3 52. Nd1+ Bxd1 53.
Kxd1 Ra4 54. Ke1 Rxa5 55. Rd1 Kd4 56. Kf2 b5 57. Rb1 Ra2+ 58. Kf3 d2 59. Ke2
Kc3 60. Rxb5 Ra1 61. Rd5 Re1+ 62. Kf2 d1=Q 63. Rxd1 Rxd1 64. Ke2 Rd2+ 65. Kf3
Rd3+ 66. Kf2 Rxg3 67. Kxg3 Kd3 68. Kf3 Kd4 69. f5 Ke5 70. Ke3 Kxf5 71. Kf3 g6
72. Kg3 Ke4 73. Kg2 Kf4 74. Kh3 Kf3 75. Kh2 Kg4 76. Kg1 Kxh4 77. Kg2 g5 78. Kh2
Kg4 79. Kg2 Kf4 80. Kf2 g4 81. Ke2 h4 82. Kd2 g3 83. Ke2 83... h3 {
PostModernist resigns} 0-1

[Event "ICS Rated standard match"]
[Site "204.178.125.65"]
[Date "1999.11.23"]
[Round "?"]
[White "jonesey"]
[Black "Hossa"]
[Result "0-1"]
[WhiteElo "2084"]
[BlackElo "2315"]
[PlyCount "100"]
[EventDate "1999.??.??"]

1. e4 e6 2. d4 d5 3. e5 c5 4. c3 Nc6 5. Nf3 Nge7 6. Bd3 Ng6 7. h4 c4 8. h5
Ngxe5 9. Nxe5 Nxe5 10. dxe5 cxd3 11. Qxd3 f6 12. Qb5+ Qd7 13. Qxd7+ Bxd7 14.
Bf4 Rg8 15. Nd2 Rc8 16. Bg3 f5 17. Bf4 b5 18. a3 a5 19. Be3 b4 20. cxb4 axb4
21. a4 Bxa4 22. O-O Bb5 23. Rfe1 Be7 24. Ra7 Bd7 25. Nb3 g6 26. Rea1 gxh5 27.
Rb7 Rg7 28. Raa7 Bc6 29. Rc7 Rxc7 30. Rxc7 Bd7 31. Nc5 f4 32. Bxf4 Bxc5 33.
Rxc5 Rg4 34. g3 h4 35. Rc7 hxg3 36. fxg3 h5 37. Kf2 b3 38. Rb7 Ba4 39. Kf3 Kd8
40. Rh7 Be8 41. Ke3 Bg6 42. Rb7 Bc2 43. Rb8+ Ke7 44. Rh8 Kd7 45. Rxh5 Rg8 46.
Rg5 Rf8 47. Rg7+ Kc6 48. g4 d4+ 49. Kf3 d3 50. Kg3 50... Rxf4 {jonesey resigns}
0-1

[Event "ICS rated blitz match"]
[Site "204.178.125.65"]
[Date "1999.11.23"]
[Round "?"]
[White "Zippy"]
[Black "Hossa"]
[Result "1-0"]
[WhiteElo "2300"]
[BlackElo "2344"]
[PlyCount "107"]
[EventDate "1999.??.??"]

1. e4 c6 2. Nc3 d6 3. Nf3 e5 4. d4 Nd7 5. Be2 Ngf6 6. O-O Be7 7. Bg5 O-O 8. h3
exd4 9. Qxd4 Nc5 10. Be3 Qb6 11. Rad1 Re8 12. b4 Ncd7 13. Qc4 d5 14. exd5 Qxb4
15. dxc6 Qxc4 16. Bxc4 bxc6 17. Rb1 Bc5 18. Bxc5 Nxc5 19. Ng5 Rf8 20. Rfe1 Nb7
21. Re7 Nd6 22. Bb3 Bf5 23. Rd1 Nfe8 24. g4 Bg6 25. a4 a6 26. Rd7 Nc8 27. Nge4
a5 28. R1d4 Kh8 29. Ng5 c5 30. Rf4 Nf6 31. Nxf7+ Bxf7 32. Rxf7 Rxf7 33. Bxf7
Nd6 34. Ba2 Re8 35. Kg2 Re1 36. g5 Nd7 37. Nb5 Nc8 38. Rf7 Ncb6 39. Bb3 Re5 40.
f4 Re2+ 41. Kf3 Re1 42. Nd6 Rd1 43. Re7 Rf1+ 44. Kg3 Nf6 45. gxf6 Rg1+ 46. Kf2
gxf6 47. Kxg1 c4 48. Bxc4 f5 49. Bb3 Nc8 50. Nxc8 h5 51. Nd6 h4 52. Nc4 Kg8 53.
Ne5+ Kh8 54. Ng6# {Hossa checkmated} 1-0

[Event "ICS rated standard match"]
[Site "204.178.125.65"]
[Date "1999.11.23"]
[Round "?"]
[White "Hossa"]
[Black "Varguz"]
[Result "0-1"]
[WhiteElo "2322"]
[BlackElo "2599"]
[PlyCount "106"]
[EventDate "1999.??.??"]

1. e4 e5 2. Nf3 Nf6 3. Nxe5 d6 4. Nf3 Nxe4 5. d4 d5 6. Bd3 Nc6 7. O-O Bg4 8.
Re1 Be7 9. c3 f5 10. h3 Bh5 11. Qb3 Na5 12. Qa4+ c6 13. Ne5 O-O 14. Nd2 b5 15.
Qc2 Bh4 16. g3 Bf6 17. Ndf3 Bxf3 18. Nxf3 Re8 19. a4 a6 20. Bf4 Qc8 21. Ne5 g5
22. Bc1 Bxe5 23. dxe5 Nc4 24. Bxc4 bxc4 25. f3 Nc5 26. Bxg5 Nd3 27. f4 Nxe1 28.
Rxe1 Rb8 29. Bf6 Qd7 30. Kh1 Kf8 31. Re2 Rb7 32. Qb1 c5 33. Qc2 a5 34. Bh4 Qe6
35. Rd2 Reb8 36. Qc1 d4 37. cxd4 cxd4 38. Kh2 Rb4 39. Bg5 Qb6 40. Rg2 Rxb2 41.
g4 Rxg2+ 42. Kxg2 Qb2+ 43. Qxb2 Rxb2+ 44. Kf3 c3 45. gxf5 c2 46. Bh6+ Ke8 47.
Ke4 c1=Q 48. f6 Qc6+ 49. Kd3 Qc2+ 50. Kxd4 Rb4+ 51. Ke3 Qc3+ 52. Kf2 Rb2+ 53.
Kf1 53... Qc1# {Hossa checkmated} 0-1

[Event "ICS rated blitz match"]
[Site "204.178.125.65"]
[Date "1999.11.23"]
[Round "?"]
[White "Hossa"]
[Black "inmichess"]
[Result "1-0"]
[WhiteElo "2326"]
[BlackElo "2492"]
[PlyCount "141"]
[EventDate "1999.??.??"]

1. e4 e5 2. f4 Nf6 3. d3 exf4 4. Nf3 d5 5. e5 Nh5 6. Be2 Nc6 7. d4 Bg4 8. O-O
Be7 9. c3 Qd7 10. Ne1 Bxe2 11. Qxe2 g6 12. Nd3 O-O-O 13. Bxf4 Nxf4 14. Rxf4 Qe6
15. Qf3 Rhf8 16. b4 Bg5 17. Nc5 Qe7 18. Qh3+ Kb8 19. Rf1 a6 20. Na3 h6 21. b5
axb5 22. Nxb5 Rfe8 23. Rfb1 Na5 24. Na3 Ka8 25. Qd3 c6 26. Qe2 Qc7 27. Qf2 Rf8
28. Qb2 Rfe8 29. h3 Be3+ 30. Kh1 Re7 31. Qb4 Bg5 32. Na4 b5 33. Nc5 Nb7 34.
Nxb7 Kxb7 35. Nxb5 cxb5 36. Qxb5+ Ka8 37. Qa6+ Qa7 38. Qc6+ Rb7 39. Rb4 Be7 40.
Ra4 Qxa4 41. Qxa4+ Kb8 42. Qc6 Ba3 43. Rf1 Rdd7 44. Rf6 Rb1+ 45. Kh2 Rbb7 46.
h4 h5 47. g3 Rd8 48. Kg2 Rdd7 49. Kh3 Rd8 50. e6 fxe6 51. Qxe6 Bb2 52. Rf3 Ka7
53. Qc6 g5 54. hxg5 Kb8 55. Kh4 Rc8 56. Qd6+ Ka7 57. Qxd5 Kb8 58. c4 Ka7 59.
Rb3 Rxb3 60. axb3 Bc3 61. Qd7+ Kb8 62. g6 Rc7 63. Qxc7+ Kxc7 64. g7 Bxd4 65.
g8=Q Bf6+ 66. Kxh5 Bb2 67. Qf7+ Kd6 68. b4 Kc6 69. b5+ Kc5 70. Qf2+ Bd4 71. Qc2
{inmichess resigns} 1-0

[Event "ICS rated blitz match"]
[Site "204.178.125.65"]
[Date "1999.11.24"]
[Round "?"]
[White "inmichess"]
[Black "Hossa"]
[Result "1-0"]
[WhiteElo "2469"]
[BlackElo "2349"]
[Annotator "Hiarcs 7.32 (11s)"]
[PlyCount "87"]
[EventDate "1999.??.??"]

1. e4 c6 2. Nc3 d5 3. Nf3 Bg4 4. h3 Bh5 5. exd5 cxd5 6. Bb5+ Nc6 7. g4 Bg6 8.
Ne5 Qd6 9. d4 a6 (9... f6 10. Nxg6 hxg6 11. Qd3 O-O-O 12. Bxc6 Qxc6 13. Qxg6 e5
14. Be3 e4 15. Qf5+ Kb8 16. g5 Bb4 17. Bd2 Ne7 18. Qg4 f5 19. Qg3+ Ka8 20.
O-O-O Ng6 21. Nxe4 fxe4 22. Bxb4 Rh4 23. Kb1 Rf4 24. h4 Rf3 25. Qh2 Rc8 26. Rd2
a5 27. Bd6 Nxh4 28. Be5 Nf5 29. Qh7 Qb5 30. Rc1 a4 31. a3 e3 32. fxe3 Nxe3 33.
c3 Nc4 34. Rh2 Rcf8 35. Ka1 Rf1 36. Qc2 Na5 37. Kb1 37... Nb3 {
0-1 Reprintsev,A-Zakharevich,I/Leningrad 1990/EXP 18 (37)}) (9... O-O-O 10.
Bxc6 bxc6 11. Qe2 Qc7 12. Qa6+ Qb7 13. Qxc6+ Qxc6 14. Nxc6 Rd7 15. Ne5 Rd8 16.
Bf4 e6 17. h4 f6 18. Nxg6 hxg6 19. O-O-O Bd6 20. Bxd6 Rxd6 21. Rde1 Nh6 22. f3
Nf7 23. Ne2 g5 24. h5 {
Duarte,T-Erwee,Y/WchJW-U18 Guarapuava 1995/JUN 95/1-0 (48)}) 10. Bxc6+ bxc6 11.
O-O $146 (11. Bf4 Rc8 (11... Qf6 12. Qf3 Rc8 13. Qe2 Qe6 14. Na4 Ra8 15. Nc5
Qc8 16. h4 h5 17. Nxg6 fxg6 18. g5 Kf7 19. Nd3 Qf5 20. Ne5+ Ke8 21. Bg3 Rc8 22.
Qxa6 Qe4+ 23. Kd2 Qf5 24. a4 c5 25. Qb5+ Kd8 26. Nc6+ Kd7 27. Na7+ Kd8 28. Nxc8
{1-0 Ciuksyte,Z-Mihelic,I/WchJW-U16 Bratislava 1993/TD 93\05 (28)}) (11... h5
12. Qd2 Qe6 13. O-O-O Bh7 14. Rde1 Qc8 15. g5 Bf5 16. g6 fxg6 17. Rhg1 Nf6 18.
f3 Ra7 19. Qe3 e6 20. Nxg6 Bxg6 21. Rxg6 Kf7 22. Reg1 c5 23. Be5 Ng4 24. Qg5
Nxe5 25. Rxg7+ Ke8 26. Rxa7 Bh6 27. Qxh6 {
1-0 Mellmann,M-Bengfort,W/NRW-II 1994/GER 07 (27)}) 12. Qd2 Qb4 13. O-O-O Rb8
14. Nd3 Bxd3 15. Bxb8 Bxc2 16. Qxc2 Qxb8 17. Qa4 Qd6 18. Qxa6 Nf6 19. Qc8+ Qd8
20. Qxc6+ Nd7 21. Nxd5 e6 22. Nc7+ Ke7 23. Rhe1 Nf6 24. Rxe6+ {
1-0 Canda,D-Aludary,A/Dubai olm 1986/TD 86\02 (24)}) 11... e6 12. Re1 Nf6 13.
a3 Qc7 14. Bf4 Bd6 15. Nxg6 hxg6 16. Bxd6 Qxd6 17. Qd3 Nxg4 18. hxg4 Qh2+ 19.
Kf1 Rh3 20. Qd1 Qf4 21. Ne2 Rh1+ 22. Ng1 g5 23. Re3 Qh2 24. Rg3 Rb8 25. b3 Rb6
26. Qd2 c5 27. dxc5 Rc6 28. Qb4 Rc8 29. Qa4+ Ke7 30. Qxa6 Rxc5 31. Qa7+ Kd6 32.
Qb6+ Rc6 33. Qd8+ Kc5 34. Qb8 Rxg1+ 35. Ke2 Rb6 36. Rc3+ Kd4 37. Qxb6+ Ke5 38.
Rf3 d4 39. Qc5+ Ke4 40. Rxg1 g6 41. Rd1 Qe5 42. Rxd4+ Qxd4 43. Rf4+ Kxf4 44.
Qxd4# 1-0

[Event "ICS rated blitz match"]
[Site "204.178.125.65"]
[Date "1999.11.24"]
[Round "?"]
[White "Hossa"]
[Black "inmichess"]
[Result "0-1"]
[WhiteElo "2338"]
[BlackElo "2480"]
[Annotator "Hiarcs 7.32 (11s)"]
[PlyCount "124"]
[EventDate "1999.??.??"]

1. e4 e5 2. f4 Nf6 3. d3 exf4 4. Nf3 (4. Bxf4 Nc6 5. Nc3 Bb4 6. a3 Ba5 7. Nge2
O-O 8. Qd2 Re8 9. Bg5 h6 10. Bxf6 Qxf6 11. Qf4 Qd8 12. O-O-O d6 13. d4 Ne7 14.
Ng3 Bxc3 15. bxc3 Ng6 16. Qd2 Bg4 17. Be2 Bxe2 18. Qxe2 18... c5 {
Vorotnikov,V-Malaniuk,V/Moscow op2 1995/EXP 50/1/2-1/2 (53)}) 4... d5 5. e5 Nh5
6. Be2 6... Bc5 $146 (6... g5 7. Nxg5 Qxg5 8. Bxh5 Qh4+ 9. Kf1 Nc6 10. Bf3 Be6
11. d4 f6 12. exf6 Qxf6 13. c3 O-O-O 14. b4 Bf5 15. b5 Na5 16. Bxf4 Nc4 17. g3
Bd6 18. Qc1 Bh3+ 19. Kf2 Rhf8 20. Rg1 Rde8 21. a4 Ne3 22. Nd2 Bxf4 23. gxf4
Qxf4 24. Rg3 24... Ng4+ {
0-1 Mishuchkov,N-Varavin,V/Moscow op Russian Winter 1991/TD 91\03 (24)}) 7. d4
Bb6 8. O-O Bg4 9. c3 O-O 10. Ne1 Bxe2 11. Qxe2 Qh4 12. Nd3 g5 13. Nd2 Re8 14.
Nf3 Qg4 15. Nf2 Qf5 16. Nd2 Nf6 17. Qf3 Ne4 18. Nfxe4 dxe4 19. Nxe4 Qxe5 20.
Nxg5 Qxg5 21. Qxb7 Nd7 22. Bxf4 Qb5 23. Qf3 Qe2 24. Qg3+ Kh8 25. Rf2 Qc4 26.
Bh6 Rg8 27. Qf3 f6 28. b3 Qe6 29. Raf1 Rae8 30. Qh5 Re7 31. b4 Qc4 32. Qf3 a5
33. bxa5 Bxa5 34. Rc2 Rge8 35. Bd2 Bb6 36. Rcc1 c5 37. dxc5 Bxc5+ 38. Kh1 Qxa2
39. Bh6 Be3 40. Bxe3 Rxe3 41. Qf5 Qe6 42. Qh5 Rc8 43. Qh6 Rexc3 44. Rce1 Qf7
45. Rd1 R3c6 46. Qh3 Ne5 47. Rde1 Kg8 48. Qg3+ Qg6 49. Qb3+ Kh8 50. Rd1 Rc2 51.
Qd5 Ng4 52. Rde1 Rg8 53. h3 Nf2+ 54. Rxf2 Rxf2 55. h4 Qg3 56. Rc1 Rxg2 57.
Qxg8+ Kxg8 58. Rc8+ 58... Kf7 $19 (58... Kg7 59. Rc7+ Kh6 60. Rxh7+ Kxh7 61. h5
Rh2#) 59. Rc7+ $5 59... Ke8 60. Rc8+ 60... Kd7 $1 {zwingend und schoen} 61.
Rd8+ Kxd8 62. h5 Rh2# 0-1